<?xml version="1.0" encoding="UTF-8"?><record xmlns="http://www.loc.gov/MARC21/slim" xmlns:zs="http://docs.oasis-open.org/ns/search-ws/sruResponse">
  <leader>02840cem a2200661 i 4500</leader>
  <controlfield tag="001">19863470</controlfield>
  <controlfield tag="005">20250923200603.9</controlfield>
  <controlfield tag="007">aj canzn</controlfield>
  <controlfield tag="007">aj aanzn</controlfield>
  <controlfield tag="007">cr |||||||||||</controlfield>
  <controlfield tag="008">170804s1671    enki      a     0   lat  </controlfield>
  <datafield ind1=" " ind2=" " tag="035">
    <subfield code="a">19863470</subfield>
  </datafield>
  <datafield ind1=" " ind2=" " tag="906">
    <subfield code="a">7</subfield>
    <subfield code="b">cbc</subfield>
    <subfield code="c">origcop</subfield>
    <subfield code="d">u</subfield>
    <subfield code="e">ncip</subfield>
    <subfield code="f">20</subfield>
    <subfield code="g">y-geogmaps</subfield>
  </datafield>
  <datafield ind1="0" ind2=" " tag="925">
    <subfield code="a">acquire</subfield>
    <subfield code="b">3 shelf copies</subfield>
    <subfield code="x">policy default</subfield>
  </datafield>
  <datafield ind1=" " ind2=" " tag="955">
    <subfield code="i">ga36 2017-08-04</subfield>
    <subfield code="r">ga13 2024-07-23</subfield>
    <subfield code="u">ga13 2025-09-23</subfield>
  </datafield>
  <datafield ind1=" " ind2=" " tag="010">
    <subfield code="a">  2017590449</subfield>
  </datafield>
  <datafield ind1="1" ind2=" " tag="034">
    <subfield code="a">a</subfield>
    <subfield code="b">1450000</subfield>
  </datafield>
  <datafield ind1=" " ind2=" " tag="040">
    <subfield code="a">DLC</subfield>
    <subfield code="b">eng</subfield>
    <subfield code="c">DLC</subfield>
    <subfield code="e">rda</subfield>
    <subfield code="d">DLC</subfield>
  </datafield>
  <datafield ind1="0" ind2="0" tag="050">
    <subfield code="a">G3880 1671</subfield>
    <subfield code="b">.O4</subfield>
  </datafield>
  <datafield ind1=" " ind2=" " tag="051">
    <subfield code="a">G3840 1671</subfield>
    <subfield code="b">.O4</subfield>
    <subfield code="c">Copy 2. Uncolored. Mounted on cloth.</subfield>
  </datafield>
  <datafield ind1=" " ind2=" " tag="051">
    <subfield code="a">G3840 1671</subfield>
    <subfield code="b">.O4</subfield>
    <subfield code="c">Copy 3. Uncolored. Mounted on cloth. Lacking top left corner.</subfield>
  </datafield>
  <datafield ind1=" " ind2=" " tag="052">
    <subfield code="a">3880</subfield>
  </datafield>
  <datafield ind1=" " ind2=" " tag="052">
    <subfield code="a">3840</subfield>
  </datafield>
  <datafield ind1=" " ind2=" " tag="052">
    <subfield code="a">3842</subfield>
    <subfield code="b">C5</subfield>
  </datafield>
  <datafield ind1="1" ind2=" " tag="100">
    <subfield code="a">Ogilby, John,</subfield>
    <subfield code="d">1600-1676,</subfield>
    <subfield code="e">cartographer.</subfield>
  </datafield>
  <datafield ind1="1" ind2="0" tag="245">
    <subfield code="a">Nova terrae-Mariae tabula.</subfield>
  </datafield>
  <datafield ind1=" " ind2=" " tag="255">
    <subfield code="a">Scale approximately 1:1,450,000.</subfield>
  </datafield>
  <datafield ind1=" " ind2="1" tag="264">
    <subfield code="a">[London]</subfield>
    <subfield code="b">[publisher not identified],</subfield>
    <subfield code="c">[1671]</subfield>
  </datafield>
  <datafield ind1=" " ind2=" " tag="300">
    <subfield code="a">1 map :</subfield>
    <subfield code="b">hand colored ;</subfield>
    <subfield code="c">29 x 37 cm.</subfield>
  </datafield>
  <datafield ind1=" " ind2=" " tag="336">
    <subfield code="a">cartographic image</subfield>
    <subfield code="b">cri</subfield>
    <subfield code="2">rdacontent</subfield>
  </datafield>
  <datafield ind1=" " ind2=" " tag="337">
    <subfield code="a">unmediated</subfield>
    <subfield code="b">n</subfield>
    <subfield code="2">rdamedia</subfield>
  </datafield>
  <datafield ind1=" " ind2=" " tag="338">
    <subfield code="a">sheet</subfield>
    <subfield code="b">nb</subfield>
    <subfield code="2">rdacarrier</subfield>
  </datafield>
  <datafield ind1="0" ind2=" " tag="490">
    <subfield code="a">[John (Jack) M. Raymond Map Collection],</subfield>
    <subfield code="v">map 29</subfield>
  </datafield>
  <datafield ind1=" " ind2=" " tag="500">
    <subfield code="a">Relief shown pictorially.</subfield>
  </datafield>
  <datafield ind1=" " ind2=" " tag="500">
    <subfield code="a">Oriented with north to right.</subfield>
  </datafield>
  <datafield ind1=" " ind2=" " tag="500">
    <subfield code="a">Dedication: The atchievment of the right Honourable Caecilius Calvert Baron Baltemore de Baltemore Absolut Lord and Proprietary of the provinces of Maryland and Avalon.</subfield>
  </datafield>
  <datafield ind1=" " ind2=" " tag="500">
    <subfield code="a">Includes coat-of-arms.</subfield>
  </datafield>
  <datafield ind1=" " ind2=" " tag="500">
    <subfield code="a">In bottom margin in pencil: 03-GE-9.</subfield>
    <subfield code="5">DLC</subfield>
  </datafield>
  <datafield ind1=" " ind2=" " tag="500">
    <subfield code="a">Two sheets joined to form 1.</subfield>
    <subfield code="5">DLC</subfield>
  </datafield>
  <datafield ind1="4" ind2=" " tag="510">
    <subfield code="a">List of maps of America in the Library of Congress,</subfield>
    <subfield code="c">page 391</subfield>
  </datafield>
  <datafield ind1=" " ind2=" " tag="530">
    <subfield code="a">Available also through the Library of Congress Web site as a raster image.</subfield>
  </datafield>
  <datafield ind1=" " ind2=" " tag="541">
    <subfield code="c">Gift;</subfield>
    <subfield code="a">John (Jack) M. Raymond;</subfield>
    <subfield code="d">July 2016.</subfield>
    <subfield code="5">DLC</subfield>
  </datafield>
  <datafield ind1=" " ind2="0" tag="651">
    <subfield code="a">Virginia</subfield>
    <subfield code="v">Maps</subfield>
    <subfield code="v">Early works to 1800.</subfield>
  </datafield>
  <datafield ind1=" " ind2="0" tag="651">
    <subfield code="a">Maryland</subfield>
    <subfield code="v">Maps</subfield>
    <subfield code="v">Early works to 1800.</subfield>
  </datafield>
  <datafield ind1=" " ind2="0" tag="651">
    <subfield code="a">Chesapeake Bay Region (Md. and Va.)</subfield>
    <subfield code="v">Maps</subfield>
    <subfield code="v">Early works to 1800.</subfield>
  </datafield>
  <datafield ind1=" " ind2="7" tag="655">
    <subfield code="a">Early maps.</subfield>
    <subfield code="2">lcgft</subfield>
  </datafield>
  <datafield ind1=" " ind2=" " tag="662">
    <subfield code="a">United States</subfield>
    <subfield code="b">Virginia.</subfield>
    <subfield code="2">naf</subfield>
  </datafield>
  <datafield ind1=" " ind2=" " tag="662">
    <subfield code="a">United States</subfield>
    <subfield code="b">Maryland.</subfield>
    <subfield code="2">naf</subfield>
  </datafield>
  <datafield ind1=" " ind2=" " tag="662">
    <subfield code="a">United States</subfield>
    <subfield code="b">Maryland</subfield>
    <subfield code="c">Chesapeake Bay Region.</subfield>
    <subfield code="2">lcsh</subfield>
  </datafield>
  <datafield ind1=" " ind2=" " tag="662">
    <subfield code="a">United States</subfield>
    <subfield code="b">Virginia</subfield>
    <subfield code="c">Chesapeake Bay Region.</subfield>
    <subfield code="2">lcsh</subfield>
  </datafield>
  <datafield ind1="0" ind2=" " tag="773">
    <subfield code="a">Raymond, John M. (Jack).</subfield>
    <subfield code="t">[John (Jack) M. Raymond collection].</subfield>
    <subfield code="w">(DLC)   2016586822</subfield>
  </datafield>
  <datafield ind1=" " ind2=" " tag="852">
    <subfield code="a">Library of Congress</subfield>
    <subfield code="b">Geography and Ma p Division</subfield>
    <subfield code="e">Washington, D.C. 20540-4650 USA</subfield>
    <subfield code="n">dcu</subfield>
  </datafield>
  <datafield ind1="4" ind2="1" tag="856">
    <subfield code="3">Copy 1</subfield>
    <subfield code="d">g3880</subfield>
    <subfield code="f">ct006337</subfield>
    <subfield code="u">https://hdl.loc.gov/loc.gmd/g3880.ct006337</subfield>
  </datafield>
  <datafield ind1="4" ind2="1" tag="856">
    <subfield code="3">Copy 2</subfield>
    <subfield code="d">g3880</subfield>
    <subfield code="f">ct006338</subfield>
    <subfield code="u">https://hdl.loc.gov/loc.gmd/g3880.ct006338</subfield>
  </datafield>
  <datafield ind1=" " ind2=" " tag="952">
    <subfield code="a">vcFY24</subfield>
  </datafield>
  <datafield ind1=" " ind2=" " tag="985">
    <subfield code="a">GMD/CT</subfield>
    <subfield code="e">ammem</subfield>
  </datafield>
  <datafield ind1=" " ind2=" " tag="985">
    <subfield code="a">GMD/GNRLMAP</subfield>
    <subfield code="e">ammem</subfield>
    <subfield code="h">20240823</subfield>
  </datafield>
  <datafield ind1=" " ind2=" " tag="985">
    <subfield code="a">GMD/DSXPMAP</subfield>
    <subfield code="e">ammem</subfield>
    <subfield code="h">20240823</subfield>
  </datafield>
</record>
